Filosofía y conocimiento
Uloženo v:
| Hlavní autor: | |
|---|---|
| Médium: | Kniha |
| Jazyk: | španělština |
| Vydáno: |
Mendoza
Universidad Nacional de Cuyo
1976
|
| Edice: | Cuadernos, 27
|
| Témata: | |
| Tagy: |
Přidat tag
Žádné tagy, Buďte první, kdo vytvoří štítek k tomuto záznamu!
|
MARC
| LEADER | 00000nam a2200000 a 4500 | ||
|---|---|---|---|
| 001 | UCU1410 | ||
| 003 | CL-VaPUC | ||
| 008 | 960404e19760000AG |||||||||||||||||spa|d | ||
| 082 | 0 | 4 | |a 101 |b CAR |2 21 |
| 100 | 0 | |a Cardozo Biritos, Dennis F |e author |9 357075 | |
| 245 | 1 | 0 | |a Filosofía y conocimiento |
| 300 | |a 98 p | ||
| 942 | |c BK | ||
| 945 | |d 19960404 00:00:00 |a paguirre | ||
| 260 | |a Mendoza |b Universidad Nacional de Cuyo |c 1976 | ||
| 650 | 0 | |a Filosofía |9 223554 | |
| 650 | 0 | |a Teoría del conocimiento |9 255038 | |
| 650 | 0 | |a Epistemología |9 264994 | |
| 650 | 0 | |a Lógica |9 256849 | |
| 583 | |a last modification |c 19960404 00:00:00 |k Rodrigo Vera | ||
| 490 | 0 | |a Cuadernos, 27 | |
| 999 | |c 246053 |d 246051 | ||
| 952 | |0 0 |1 0 |4 0 |6 101_000000000000000_CAR_1976 |7 0 |8 P |9 260782 |a BIBEDU |b BIBEDU |c BIBEDU_PB |d 2019-11-19 |i 2014408 |o 101 CAR 1976 |p 2014408 |r 2024-01-25 |w 2019-11-19 |y BK |k FIL | ||